000 01644nam a22004330a 4500
001 PT15948
003 AR-LpoUNG
005 20210131232653.0
008 191001s2000||||fr |||||||||||||||||fre d
020 _a2220047881
_c$36.66
040 _aAR-LpoUNG
_bspa
_cAR-LpoUNG
_eaacr
041 _afre
044 _afr
082 0 _a334.01 412eco
100 1 _aLaville, Jean-Louis
_edir.
245 1 0 _aLïéconomie solidaire :
_bune perspective internationale
260 _aParís :
_bDesclée de Brouwer,
_c2000.
300 _a343 p. :
_btbls., gráfs.
520 _aEl libro presenta diversas experiencias de economia solidaria. A partir no solo de la descripción, sino del analisis y la crítica de estas prácticas en términos del sector informal o de la economia doméstica; propone otro acercamiento hacia la reconstrucción de la relación entre la economía y la solidaridad en la modernidad. Considerado bajo este ángulo, las prácticas descritas atestiguan a una recombinación de la relación entre lo económico y social.
650 4 _aASPECTOS SOCIALES
650 4 _aCANADA
650 4 _aCHILE
650 4 _aDESARROLLO DE LA COMUNIDAD
650 4 _aDESARROLLO ECONOMICO Y SOCIAL
650 4 _aDESARROLLO SOCIAL
650 4 _aECONOMIA
650 4 _aESTADOS UNIDOS
650 4 _aEUROPA
650 4 _aMODELOS ECONOMICOS
650 4 _aMOVIMIENTO SOCIALES
650 4 _aPARTICIPACION SOCIAL
650 4 _aPENSAMIENTO ECONOMICO
650 4 _aSINDICATOS
650 4 _aTEORIA ECONOMICA
651 4 _aDOCUMENTOS TEORICOS O METODOLOGICOS
653 _aECONOMIA SOCIAL
905 _a15948
942 _cLSALA
999 _c16875
_d16875